00799nam a2200217 a 450000100100000000500170001000800410002702000150006804000250008308200150010810000430012324500650016626000360023130000360026749000180030350000740032150400310039583000250042695201130045199900170056400004280520201002040417.0140210s2000 sp ac 000 0 spa d a8484490106 aDO-SdBNPbspacBNPHU axxxbB974S1 aSánchez Navarro, Jordid1969-97015010aTim Burton :bcuentos en sombras /cJordi Sánchez-Navarro. a[Barcelona] :bGlénat,c2000. a545 P. :bil., retrs. ;c24 cm.1 aWidescreenv4 aIncluye referencias bibliográficas y notas al pie de las páginas. aBibliografía: p. 537-545 0aWidescreenn4970151 001050718MOaGRbGRcCTd2014-02-10iLF1l0oxxx B974Sp42805-10r2020-06-25w2020-06-25y1ZNo se presta c42294d42294